[Event "BCF-chT2 2425 (4NCL)"]
[Site "England"]
[Date "2025.02.16"]
[Round "6.64"]
[White "Longson, Alexander"]
[Black "Vaidyanathan, Adithya"]
[Result "1/2-1/2"]
[WhiteElo "2233"]
[BlackElo "2037"]
[PlyCount "114"]
[EventDate "2024.11.23"]
[EventType "team-tourn"]
[EventRounds "11"]
[EventCountry "ENG"]
[SourceTitle "CB14_2025"]
[SourceDate "2024.11.01"]
[SourceVersion "1"]
[SourceVersionDate "2024.11.01"]
[SourceQuality "1"]
[WhiteTeam "Greater Woodpushers"]
[BlackTeam "Warwicks Select II"]
[WhiteTeamCountry "ENG"]
[BlackTeamCountry "ENG"]

1. e4 c5 2. Nf3 Nc6 3. Bb5 g6 4. 0-0 Bg7 5. c3 Nf6 6. Re1 0-0 7. d4 d5 8. e5 Ne4 9. Bxc6 bxc6 10. Be3 Qb6 11. Qc1 c4 12. Nbd2 Nxd2 13. Nxd2 Bf5 14. b3 cxb3 15. axb3 f6 16. Qa3 Rfe8 17. Bf4 a5 18. h4 e6 19. exf6 Bxf6 20. g3 Qb5 21. Be5 Be7 22. Bd6 Bxd6 23. Qxd6 Qd3 24. Qf4 Qxc3 25. Rac1 Qb4 26. Rxc6 Rac8 27. Rec1 Rxc6 28. Rxc6 Qb8 29. Qg5 e5 30. g4 Bd7 31. Rf6 Re6 32. Rxe6 Bxe6 33. h5 exd4 34. hxg6 Qe8 35. gxh7+ Kxh7 36. Nf3 Qg6 37. Qe7+ Kg8 38. Ne5 Qb1+ 39. Kh2 Qh7+ 40. Qxh7+ Kxh7 41. Kg3 Kg7 42. f4 Bc8 43. Kf2 Kf6 44. Ke2 Ba6+ 45. Kd2 Bb5 46. Nf3 Bd7 47. g5+ Kf5 48. Nxd4+ Kxf4 49. g6 Be6 50. g7 Bf7 51. Nc6 Ke4 52. Ne7 Kd4 53. g8Q Bxg8 54. Nxg8 a4 55. bxa4 Kc4 56. Ne7 Kb4 57. Nxd5+ Kxa4 1/2-1/2

[Event "BCF-chT3W 2324 (4NCL)"]
[Site "England"]
[Date "2024.03.10"]
[Round "8.61"]
[White "Longson, Alexander"]
[Black "Madden, Paul"]
[Result "1/2-1/2"]
[WhiteElo "2261"]
[BlackElo "2106"]
[PlyCount "60"]
[EventDate "2023.11.18"]
[EventType "team-tourn"]
[EventRounds "11"]
[EventCountry "ENG"]
[SourceTitle "EXT 2025"]
[Source "ChessBase"]
[SourceDate "2024.10.14"]
[SourceVersion "1"]
[SourceVersionDate "2024.10.14"]
[SourceQuality "1"]
[WhiteTeam "Greater Woodpushers"]
[BlackTeam "Ashfield"]
[WhiteTeamCountry "ENG"]
[BlackTeamCountry "ENG"]

1. Nf3 f5 2. d3 Nf6 3. e4 d6 4. exf5 Bxf5 5. d4 g6 6. Bc4 d5 7. Bb3 Nc6 8. 0-0 Bg7 9. Nc3 Bg4 10. Be3 e5 11. dxe5 Nxe5 12. Nxd5 Nxd5 13. Qxd5 Bxf3 14. gxf3 Qxd5 15. Bxd5 0-0-0 16. Rad1 c6 17. Be4 Kc7 18. b3 Rd7 19. Rxd7+ Nxd7 20. a4 b6 21. Rd1 Re8 22. Kg2 a5 23. h4 Be5 24. f4 Bd6 25. Bf3 Nc5 26. Bxc5 Bxc5 27. h5 Rf8 28. hxg6 hxg6 29. Be4 Rxf4 30. f3 g5 1/2-1/2

[Event "Titled Tuesday intern op 30th Jan Early"]
[Site "Chess.com INT"]
[Date "2024.01.30"]
[Round "6"]
[White "Boyer, Mahel"]
[Black "Longson, Alexander"]
[Result "0-1"]
[WhiteElo "2428"]
[BlackElo "2261"]
[PlyCount "46"]
[EventDate "2024.01.30"]
[EventType "swiss (blitz)"]
[EventRounds "11"]
[EventCountry "USA"]
[SourceTitle "EXT 2025"]
[Source "ChessBase"]
[SourceDate "2024.10.14"]
[SourceVersion "1"]
[SourceVersionDate "2024.10.14"]
[SourceQuality "1"]

1. e4 e5 2. Nf3 Nc6 3. Bc4 Nf6 4. d3 Be7 5. 0-0 0-0 6. c3 d6 7. a4 Be6 8. Bxe6 fxe6 9. Na3 Rb8 10. Nc4 Qe8 11. g3 a5 12. Kg2 Nh5 13. Be3 Qg6 14. Ng1 d5 15. Na3 dxe4 16. d4 Bxa3 17. bxa3 exd4 18. cxd4 Ne7 19. h3 Nd5 20. Qg4 Qxg4 21. hxg4 Nxe3+ 22. fxe3 Nf6 23. Kh3 Nd5 0-1

[Event "Titled Tuesday intern op 30th Jan Early"]
[Site "Chess.com INT"]
[Date "2024.01.30"]
[Round "5"]
[White "Longson, Alexander"]
[Black "Pesotskiy, Mikhail"]
[Result "1-0"]
[WhiteElo "2261"]
[BlackElo "2143"]
[PlyCount "65"]
[EventDate "2024.01.30"]
[EventType "swiss (blitz)"]
[EventRounds "11"]
[EventCountry "USA"]
[SourceTitle "EXT 2025"]
[Source "ChessBase"]
[SourceDate "2024.10.14"]
[SourceVersion "1"]
[SourceVersionDate "2024.10.14"]
[SourceQuality "1"]

1. e4 e6 2. d4 d5 3. Bd3 dxe4 4. Bxe4 Nf6 5. Bf3 Nbd7 6. Ne2 e5 7. Nbc3 Bd6 8. 0-0 0-0 9. Ng3 exd4 10. Qxd4 Ne5 11. Be2 Bg4 12. f3 Be6 13. Nge4 Nxe4 14. Nxe4 Nc6 15. Qf2 Be5 16. c3 b6 17. Bg5 f6 18. Be3 Qe7 19. f4 Bd6 20. Nxd6 cxd6 21. Rfe1 Qc7 22. b3 Rfe8 23. Rad1 Rad8 24. c4 d5 25. cxd5 Rxd5 26. Rc1 Rd6 27. f5 Bd5 28. Bf4 Qd7 29. Bxd6 Qxd6 30. Red1 Qe5 31. Rxd5 Qxe2 32. Qxe2 Rxe2 33. Rxc6 1-0

[Event "Titled Tuesday intern op 30th Jan Early"]
[Site "Chess.com INT"]
[Date "2024.01.30"]
[Round "4"]
[White "Longson, Alexander"]
[Black "Yagupov, Igor"]
[Result "1-0"]
[WhiteElo "2261"]
[BlackElo "2290"]
[PlyCount "159"]
[EventDate "2024.01.30"]
[EventType "swiss (blitz)"]
[EventRounds "11"]
[EventCountry "USA"]
[SourceTitle "EXT 2025"]
[Source "ChessBase"]
[SourceDate "2024.10.14"]
[SourceVersion "1"]
[SourceVersionDate "2024.10.14"]
[SourceQuality "1"]

1. e4 c5 2. Nf3 Nc6 3. Bb5 Nf6 4. Nc3 Qc7 5. 0-0 Nd4 6. Re1 a6 7. Bf1 e5 8. Nb1 d6 9. c3 Nxf3+ 10. Qxf3 Be7 11. a4 b6 12. Na3 0-0 13. d3 Bd7 14. Nc4 b5 15. axb5 axb5 16. Rxa8 Rxa8 17. Ne3 g6 18. h3 Be6 19. Nd5 Nxd5 20. exd5 Bf5 21. g4 Bd7 22. d4 Re8 23. dxe5 dxe5 24. c4 bxc4 25. Bxc4 Bd6 26. Qf6 Be7 27. Qxe5 Bd6 28. Qc3 Qd8 29. Rxe8+ Qxe8 30. Bh6 Be5 31. Qe3 Qe7 32. Kg2 Qd6 33. f4 Bg7 34. Bxg7 Kxg7 35. Qe5+ Qxe5 36. fxe5 g5 37. Kf3 Kf8 38. Ke3 Ke7 39. Be2 h6 40. Ke4 Bc8 41. Bc4 Bd7 42. Ke3 Bc8 43. Ke4 Bd7 44. Ba6 Ba4 45. Bc8 Bc2+ 46. Ke3 Bb3 47. Ke4 Bc2+ 48. Ke3 Bb3 49. d6+ Kd8 50. Bf5 Bd5 51. Be4 Bc4 52. Bc6 Kc8 53. Kf2 Kd8 54. Kg3 Bd3 55. h4 Bc4 56. hxg5 hxg5 57. Kf3 Bb3 58. Kf2 Bd1 59. Bf3 Bc2 60. Bc6 Bd1 61. Bf3 Bc2 62. Ke3 Kd7 63. Be4 Bd1 64. Bf3 Bc2 65. Bd5 Ke8 66. Kf3 Bd1+ 67. Kg3 Be2 68. Kh3 Bd1 69. Kg3 Be2 70. Ba2 Bd1 71. Bc4 Kf8 72. e6 fxe6 73. Bxe6 Ke8 74. Kf2 Bc2 75. Ke3 Bd1 76. Ke4 Bc2+ 77. Ke5 Kd8 78. Kf6 Bd3 79. Kxg5 Be2 80. Kf6 1-0

[Event "BCF-chT1d 1819 (4NCL) Demotion pool"]
[Site "England"]
[Date "2019.05.04"]
[Round "9.73"]
[White "Stork, Oliver"]
[Black "Longson, Alexander"]
[Result "1-0"]
[WhiteElo "2183"]
[BlackElo "2318"]
[PlyCount "69"]
[EventDate "2018.11.10"]
[EventType "team-tourn"]
[EventRounds "4"]
[EventCountry "ENG"]
[SourceTitle "CBM 190 Extra"]
[Source "ChessBase"]
[SourceDate "2019.07.15"]
[SourceVersion "1"]
[SourceVersionDate "2019.07.15"]
[SourceQuality "1"]
[WhiteTeam "Oxford"]
[BlackTeam "3CS Oldham"]
[WhiteTeamCountry "ENG"]
[BlackTeamCountry "ENG"]

1. c4 e6 2. Nf3 d5 3. e3 Nf6 4. b3 Nbd7 5. Nc3 c6 6. Qc2 Bd6 7. Bb2 0-0 8. Rg1 e5 9. cxd5 cxd5 10. Nb5 Bb8 11. Rc1 e4 12. Nfd4 Bxh2 13. Rh1 Be5 14. f4 exf3 15. gxf3 a6 16. Nc7 Bg3+ 17. Kd1 Bxc7 18. Qxc7 Qxc7 19. Rxc7 Ne5 20. Rg1 Re8 21. Be2 Ng6 22. Bd3 Re7 23. Rc5 Be6 24. f4 Bg4+ 25. Be2 Bxe2+ 26. Nxe2 Nd7 27. Rc7 f6 28. f5 Nge5 29. Nf4 Rf7 30. Nxd5 Kf8 31. Ba3+ Ke8 32. Rxb7 Kd8 33. Bd6 a5 34. Nf4 Ra6 35. Ne6+ 1-0

[Event "Dublin Irish op"]
[Site "Dublin"]
[Date "2019.04.19"]
[Round "4"]
[White "Longson, Alexander"]
[Black "Murphy, Sean1"]
[Result "1-0"]
[WhiteElo "2318"]
[BlackElo "1853"]
[PlyCount "115"]
[EventDate "2019.04.17"]
[EventType "swiss"]
[EventRounds "9"]
[EventCountry "IRL"]
[SourceTitle "CBM 189 Extra"]
[Source "ChessBase"]
[SourceDate "2019.05.31"]
[SourceVersion "1"]
[SourceVersionDate "2019.05.31"]
[SourceQuality "1"]

1. Nf3 d5 2. d4 Nf6 3. c4 c6 4. e3 Bf5 5. Nc3 e6 6. Be2 dxc4 7. Bxc4 b5 8. Be2 b4 9. Na4 Nbd7 10. 0-0 Be7 11. Nh4 Be4 12. f3 Bg6 13. Nxg6 hxg6 14. e4 0-0 15. Be3 Qa5 16. b3 Rfd8 17. Qd3 a6 18. Rfd1 c5 19. Rac1 cxd4 20. Qxd4 Nc5 21. Rxc5 Bxc5 22. Qxc5 Rxd1+ 23. Bxd1 Qd8 24. Be2 Rc8 25. Qd4 Qe7 26. Bxa6 Rd8 27. Qa1 g5 28. Be2 g4 29. Nc5 gxf3 30. gxf3 Rc8 31. Qe5 Ra8 32. Qb2 Rc8 33. Nd3 Nh5 34. Qd2 Qh4 35. Bg5 Rc2 36. Qxc2 Qxg5+ 37. Kf1 Qh4 38. Bd1 g6 39. Qd2 e5 40. Kg2 Qd8 41. Be2 Qd4 42. Qc1 Kh7 43. Kf1 Qd7 44. Qc5 Qh3+ 45. Kg1 f6 46. Qe7+ Kh6 47. Qf8+ Kg5 48. Qxb4 Qd7 49. Qc5 Kh6 50. a4 Ng7 51. Qd5 Qc7 52. Qc4 Qb6+ 53. Kf1 Ne6 54. a5 Qd6 55. Qd5 Qe7 56. a6 Nd4 57. f4 Qa3 58. Qg8 1-0

[Event "BCF-chTb 1819 (4NCL)"]
[Site "Daventry"]
[Date "2019.02.10"]
[Round "6.63"]
[White "Fodor, Tamas Jr"]
[Black "Longson, Alexander"]
[Result "1-0"]
[WhiteElo "2520"]
[BlackElo "2312"]
[PlyCount "57"]
[EventDate "2018.11.10"]
[EventType "team-tourn"]
[EventRounds "11"]
[EventCountry "ENG"]
[SourceTitle "CBM 188 Extra"]
[Source "ChessBase"]
[SourceDate "2019.02.28"]
[SourceVersion "1"]
[SourceVersionDate "2019.02.28"]
[SourceQuality "1"]
[WhiteTeam "Cheddleton"]
[BlackTeam "3CS Oldham"]
[WhiteTeamCountry "ENG"]
[BlackTeamCountry "ENG"]

1. d4 d5 2. c4 dxc4 3. Nf3 Nf6 4. e3 e6 5. Bxc4 c5 6. 0-0 a6 7. Qe2 b5 8. Bd3 Bb7 9. a4 b4 10. Nbd2 Nbd7 11. Nc4 Be7 12. Rd1 0-0 13. e4 cxd4 14. e5 Nd5 15. Nxd4 Nc5 16. Qg4 Kh8 17. Bc2 Rc8 18. Qh3 g6 19. Bh6 Rg8 20. Rac1 Rc7 21. Nf3 b3 22. Bb1 Nxa4 23. Nd6 Bxd6 24. exd6 Qxd6 25. Rxc7 Qxc7 26. Qh4 Nab6 27. Rc1 Qd7 28. Ne5 Qe8 29. Rc7 1-0

[Event "BCF-chTb 1819 (4NCL)"]
[Site "Daventry"]
[Date "2019.02.09"]
[Round "5.73"]
[White "Longson, Alexander"]
[Black "Bates, Richard"]
[Result "1/2-1/2"]
[WhiteElo "2312"]
[BlackElo "2378"]
[PlyCount "74"]
[EventDate "2018.11.10"]
[EventType "team-tourn"]
[EventRounds "11"]
[EventCountry "ENG"]
[SourceTitle "CBM 188 Extra"]
[Source "ChessBase"]
[SourceDate "2019.02.28"]
[SourceVersion "1"]
[SourceVersionDate "2019.02.28"]
[SourceQuality "1"]
[WhiteTeam "3CS Oldham"]
[BlackTeam "Blackthorne Russia"]
[WhiteTeamCountry "ENG"]
[BlackTeamCountry "ENG"]

1. e4 c5 2. Nf3 d6 3. d4 cxd4 4. Nxd4 Nf6 5. Nc3 a6 6. Be3 e5 7. Nb3 Be7 8. f3 Be6 9. Qd2 0-0 10. 0-0-0 a5 11. a4 Nc6 12. g4 Nb4 13. g5 Nd7 14. h4 Rc8 15. Kb1 Nb6 16. Bb5 d5 17. Qf2 d4 18. Nxd4 exd4 19. Bxd4 Nc4 20. Bxg7 Qc7 21. Bxf8 Na3+ 22. bxa3 Qxc3 23. axb4 Qxb4+ 24. Kc1 Qa3+ 25. Kd2 Bxf8 26. Bd3 Bc5 27. Qg3 Bd6 28. e5 Qc3+ 29. Ke2 Bxe5 30. f4 Bd4 31. Kf1 Bb6 32. Rh2 Qc5 33. Re2 Bh3+ 34. Ke1 Qb4+ 35. Rdd2 Qb1+ 36. Rd1 Qb4+ 37. Rdd2 Qb1+ 1/2-1/2

[Event "Dublin Irish Easter GM"]
[Site "Dublin"]
[Date "2018.04.01"]
[Round "8"]
[White "Longson, Alexander"]
[Black "Poghosyan, Suren"]
[Result "0-1"]
[WhiteElo "2319"]
[BlackElo "2251"]
[PlyCount "70"]
[EventDate "2018.03.28"]
[EventType "tourn"]
[EventRounds "9"]
[EventCountry "IRL"]
[EventCategory "6"]
[SourceTitle "CBM 183 Extra"]
[Source "ChessBase"]
[SourceDate "2018.04.19"]
[SourceVersion "1"]
[SourceVersionDate "2018.04.19"]
[SourceQuality "1"]

1. e4 e6 2. d4 d5 3. Nd2 Be7 4. Ngf3 Nf6 5. Bd3 c5 6. c3 cxd4 7. cxd4 dxe4 8. Nxe4 Nbd7 9. Nc3 0-0 10. 0-0 b6 11. Qe2 Bb7 12. Be3 Nd5 13. a3 N7f6 14. Ne5 Rc8 15. Bd2 Nxc3 16. bxc3 Qd5 17. f3 Qd6 18. Kh1 Nd5 19. c4 Nf6 20. Bb4 Qc7 21. Rfe1 Bd6 22. Qf2 Rfd8 23. Qh4 h6 24. Bc3 Qe7 25. Qh3 Ba6 26. d5 Bxe5 27. Rxe5 Bxc4 28. Bb4 Qc7 29. d6 Qd7 30. Bxc4 Rxc4 31. Rd1 Nd5 32. Rh5 Nxb4 33. Rxh6 gxh6 34. Qxh6 Qb5 35. axb4 Qe5 0-1

[Event "Dublin Irish Easter GM"]
[Site "Dublin"]
[Date "2018.03.30"]
[Round "4"]
[White "Fitzsimons, David"]
[Black "Longson, Alexander"]
[Result "0-1"]
[WhiteElo "2325"]
[BlackElo "2319"]
[PlyCount "66"]
[EventDate "2018.03.28"]
[EventType "tourn"]
[EventRounds "9"]
[EventCountry "IRL"]
[EventCategory "6"]
[SourceTitle "CBM 183 Extra"]
[Source "ChessBase"]
[SourceDate "2018.04.19"]
[SourceVersion "1"]
[SourceVersionDate "2018.04.19"]
[SourceQuality "1"]

1. e4 e5 2. Nf3 Nc6 3. Bc4 Nf6 4. d3 Be7 5. 0-0 0-0 6. Re1 d6 7. a4 Na5 8. Ba2 c5 9. c3 Nc6 10. Na3 h6 11. Bd2 a6 12. h3 Rb8 13. Nc4 Be6 14. b4 b5 15. axb5 axb5 16. Na5 Nxa5 17. Bxe6 fxe6 18. Rxa5 cxb4 19. cxb4 Qd7 20. Qa1 Rfc8 21. Qa2 Rb7 22. Ra1 Kf7 23. Be3 Rbc7 24. Ra6 Rc2 25. Qa5 Bd8 26. Bb6 Bxb6 27. Rxb6 Rc1+ 28. Rxc1 Rxc1+ 29. Kh2 Kg8 30. Rxb5 Qf7 31. Qd8+ Kh7 32. Qxd6 Ng4+ 33. Kg3 Qf4+ 0-1

[Event "Dublin Irish Easter GM"]
[Site "Dublin"]
[Date "2018.03.30"]
[Round "5"]
[White "Longson, Alexander"]
[Black "Pert, Nicholas"]
[Result "1/2-1/2"]
[WhiteElo "2319"]
[BlackElo "2549"]
[PlyCount "95"]
[EventDate "2018.03.28"]
[EventType "tourn"]
[EventRounds "9"]
[EventCountry "IRL"]
[EventCategory "6"]
[SourceTitle "CBM 183 Extra"]
[Source "ChessBase"]
[SourceDate "2018.04.19"]
[SourceVersion "1"]
[SourceVersionDate "2018.04.19"]
[SourceQuality "1"]

1. e4 c5 2. Nf3 Nc6 3. Bb5 g6 4. Bxc6 bxc6 5. 0-0 Bg7 6. Re1 Nh6 7. c3 0-0 8. d4 cxd4 9. cxd4 d5 10. e5 f6 11. h3 fxe5 12. Nxe5 Qd6 13. Nd2 c5 14. dxc5 Qxc5 15. Ndf3 Nf5 16. Be3 Nxe3 17. Rxe3 Qd6 18. Qe2 Ba6 19. Qe1 d4 20. Re4 d3 21. Rd1 Rad8 22. b3 Rf5 23. Nc4 Bxc4 24. bxc4 Bf6 25. Qe3 Ra5 26. Rd2 Kg7 27. g4 h6 28. Re6 Qc5 29. Qe4 Kf7 30. Rc6 Qb4 31. Kg2 Rc5 32. Rxc5 Qxc5 33. Rxd3 Rxd3 34. Qxd3 a5 35. Kf1 a4 36. Ke2 Ke6 37. Qe3+ Kd6 38. Qd3+ Kc7 39. Nd2 Qe5+ 40. Ne4 Bg5 41. Qc2 a3 42. Kd3 Qh2 43. Nxg5 hxg5 44. Qe2 Qxh3+ 45. f3 Kd7 46. Kc3 Qg3 47. Qd3+ Kc7 48. Kb3 1/2-1/2

[Event "Newcastle on Tyne op"]
[Site "Newcastle on Tyne"]
[Date "2018.02.17"]
[Round "7"]
[White "Longson, Alexander"]
[Black "Townsend, M Paul"]
[Result "1/2-1/2"]
[WhiteElo "2307"]
[BlackElo "2214"]
[PlyCount "87"]
[EventDate "2018.02.14"]
[EventType "swiss"]
[EventRounds "9"]
[EventCountry "ENG"]
[SourceTitle "EXT 2019"]
[Source "ChessBase"]
[SourceDate "2018.10.10"]
[SourceVersion "1"]
[SourceVersionDate "2018.10.10"]
[SourceQuality "1"]

1. e4 e6 2. d4 d5 3. Nd2 c5 4. c3 cxd4 5. cxd4 dxe4 6. Nxe4 Bb4+ 7. Nc3 Nc6 8. Nf3 Nf6 9. Bd3 0-0 10. 0-0 b6 11. a3 Be7 12. Re1 Bb7 13. Bc2 Rc8 14. Qd3 g6 15. Bh6 Re8 16. Rad1 Nd5 17. Nxd5 Qxd5 18. Bb3 Qh5 19. Bd2 Bf6 20. Ba2 Rcd8 21. Bc3 Ne7 22. Ne5 Bxe5 23. Rxe5 Qxe5 24. dxe5 Rxd3 25. Rxd3 Bd5 26. b3 Rc8 27. f3 a5 28. a4 Nc6 29. Re3 Nb4 30. Bb1 Na6 31. Bc2 Nc5 32. Bd4 Nxa4 33. bxa4 Rxc2 34. Bxb6 Ra2 35. Bxa5 Rxa4 36. Bd8 Kf8 37. Rc3 Ke8 38. Bg5 Kd7 39. Kf2 Ra2+ 40. Kg3 Bc6 41. Rb3 Kc7 42. Be7 Kd7 43. Bc5 Ra5 44. Rc3 1/2-1/2

[Event "Newcastle on Tyne op"]
[Site "Newcastle on Tyne"]
[Date "2018.02.17"]
[Round "6"]
[White "Nasuta, Grzegorz"]
[Black "Longson, Alexander"]
[Result "1-0"]
[WhiteElo "2454"]
[BlackElo "2307"]
[PlyCount "61"]
[EventDate "2018.02.14"]
[EventType "swiss"]
[EventRounds "9"]
[EventCountry "ENG"]
[SourceTitle "CBM 182 Extra"]
[Source "ChessBase"]
[SourceDate "2018.02.23"]
[SourceVersion "1"]
[SourceVersionDate "2018.02.23"]
[SourceQuality "1"]

1. e4 e5 2. Nf3 Nc6 3. Bb5 a6 4. Ba4 Nf6 5. 0-0 Be7 6. Bxc6 dxc6 7. d3 Nd7 8. b3 0-0 9. Bb2 Bd6 10. Nbd2 c5 11. Nc4 Re8 12. a4 f6 13. Nh4 Nb8 14. Nf5 Be6 15. Nfxd6 cxd6 16. a5 Nc6 17. Nb6 Rb8 18. Bc3 Ne7 19. f4 exf4 20. Rxf4 Ng6 21. Rf2 Ne5 22. Qh5 Qe7 23. h3 Rf8 24. Raf1 Rbe8 25. Qh4 Ng6 26. Qg3 Ne5 27. b4 cxb4 28. Bxb4 Kh8 29. d4 Nc4 30. d5 Nxb6 31. Bxd6 1-0

[Event "BCF-chT1a 1718 (4NCL)"]
[Site "England"]
[Date "2018.02.11"]
[Round "6.14"]
[White "Edouard, Romain"]
[Black "Longson, Alexander"]
[Result "1-0"]
[WhiteElo "2619"]
[BlackElo "2317"]
[PlyCount "125"]
[EventDate "2017.11.11"]
[EventType "team-swiss"]
[EventRounds "11"]
[EventCountry "ENG"]
[SourceTitle "EXT 2019"]
[Source "ChessBase"]
[SourceDate "2018.10.10"]
[SourceVersion "1"]
[SourceVersionDate "2018.10.10"]
[SourceQuality "1"]
[WhiteTeam "Guildford"]
[BlackTeam "3CS Oldham"]
[WhiteTeamCountry "ENG"]
[BlackTeamCountry "ENG"]

1. Nf3 d5 2. c4 e6 3. g3 dxc4 4. Qa4+ Nd7 5. Bg2 a6 6. Qxc4 b5 7. Qb3 Bb7 8. 0-0 Ngf6 9. d3 Be7 10. Nc3 c5 11. a4 b4 12. Nb1 0-0 13. Nbd2 Ne8 14. Nc4 Nd6 15. Nxd6 Bxd6 16. Nd2 Bxg2 17. Kxg2 Rc8 18. Nc4 Nb6 19. Bg5 Be7 20. Bxe7 Qxe7 21. Rfc1 Rfd8 22. Nxb6 Qb7+ 23. Kg1 Qxb6 24. Rc4 e5 25. Rac1 g6 26. e3 Rc7 27. Qc2 Rcd7 28. Rxc5 Rxd3 29. Rxe5 Qf6 30. Re8+ Rxe8 31. Qxd3 Qxb2 32. Rb1 Qa3 33. Qxa6 b3 34. Qb5 Ra8 35. Rxb3 Qxa4 36. Qd5 Re8 37. Rb7 Qa1+ 38. Kg2 Qf6 39. g4 h6 40. Rb4 Qe6 41. Qf3 Kg7 42. h4 Rc8 43. Rd4 Rc5 44. Qb7 Qc6+ 45. Qxc6 Rxc6 46. Rd5 Rc4 47. f4 Rc2+ 48. Kf3 Rc1 49. h5 gxh5 50. Rxh5 Rf1+ 51. Ke4 Ra1 52. Rd5 Ra3 53. Re5 Kf6 54. Re8 Ra4+ 55. Kf3 Ra3 56. Kg3 Kg7 57. Kh4 Ra1 58. e4 Ra3 59. e5 Re3 60. f5 Kh7 61. e6 fxe6 62. Re7+ Kg8 63. Rxe6 1-0